[Event "WIM Hillerod 110 years 2020"]
[Site "Hillerod"]
[Date "2020.02.13"]
[Round "7.4"]
[White "Miturova, Magdalena"]
[Black "Guindy, Esmat Susanne"]
[Result "1-0"]
[WhiteElo "2185"]
[BlackElo "2143"]
[PlyCount "79"]
[EventDate "2020.02.??"]
[EventType "tourn"]
[EventRounds "9"]
[EventCountry "DEN"]

1. Nf3 d5 2. g3 e6 3. Bg2 Nf6 4. O-O Be7 5. d4 b6 6. c4 c6 7. Nbd2 O-O 8. b3 a5
9. Bb2 Bb7 10. Qc2 Na6 11. Rac1 Rc8 12. Qb1 Rc7 13. e4 c5 14. cxd5 exd5 15. e5
Ne4 16. Rfd1 Qa8 17. Ne1 Rfc8 18. Bh3 Rd8 19. Nxe4 dxe4 20. Nc2 Bg5 21. Ne3
Bxe3 22. fxe3 Nb4 23. dxc5 Rxc5 24. Bd4 Rxc1 25. Rxc1 b5 26. e6 f6 27. Rf1 Re8
28. Qd1 Nd5 29. Qh5 Re7 30. Qh4 Qc8 31. Bf5 g6 32. Bxf6 Nxe3 33. Bxe7 Nxf1 34.
Qf6 Qe8 35. Bd6 Nd2 36. Bg4 Nf3+ 37. Bxf3 exf3 38. Be5 f2+ 39. Kf1 Bg2+ 40.
Kxf2 1-0

[Event "WIM Hillerod 110 years 2020"]
[Site "Hillerod"]
[Date "2020.02.13"]
[Round "7.5"]
[White "Baliuniene, Margarita"]
[Black "Kakulidis, Ellen"]
[Result "1-0"]
[WhiteElo "1982"]
[BlackElo "2040"]
[PlyCount "107"]
[EventDate "2020.02.??"]
[EventType "tourn"]
[EventRounds "9"]
[EventCountry "DEN"]

1. Nf3 Nf6 2. g3 d5 3. Bg2 e6 4. d4 Be7 5. O-O O-O 6. c4 c6 7. b3 b6 8. Bb2 a5
9. Nbd2 Bb7 10. Ne5 Na6 11. Rc1 Rc8 12. e3 Rc7 13. Qe2 Qa8 14. Rfd1 Rfc8 15. e4
Bb4 16. exd5 cxd5 17. Ndf3 Ne4 18. a3 Bf8 19. Nd2 Nxd2 20. Rxd2 a4 21. b4 dxc4
22. Bxb7 Qxb7 23. Rxc4 Rxc4 24. Nxc4 Nc7 25. Rc2 Nd5 26. Ne5 g6 27. Rxc8 Qxc8
28. Qb5 f6 29. Nc6 Qa8 30. Qc4 Kf7 31. b5 Be7 32. h4 h5 33. Bc1 Qb7 34. Qxa4
Nc3 35. Qc4 Ne4 36. d5 Nd6 37. dxe6+ Kg7 38. Qd3 g5 39. hxg5 fxg5 40. Bxg5 Bxg5
41. Qxd6 Qa8 42. e7 Bxe7 43. Qxe7+ Kg6 44. f4 Qa4 45. Qg5+ Kf7 46. Qxh5+ Kf8
47. Qf5+ Kg7 48. Qe5+ Kh7 49. Qe7+ Kh6 50. Qd6+ Kh5 51. Qd3 Kg4 52. Ne5+ Kh3
53. Qf5+ Kxg3 54. Qg4# 1-0

[Event "WIM Hillerod 110 years 2020"]
[Site "Hillerod"]
[Date "2020.02.14"]
[Round "8.1"]
[White "Zaritovskaja, Margarita"]
[Black "Baliuniene, Margarita"]
[Result "0-1"]
[WhiteElo "2022"]
[BlackElo "1982"]
[PlyCount "72"]
[EventDate "2020.02.??"]
[EventType "tourn"]
[EventRounds "9"]
[EventCountry "DEN"]

1. d4 d5 2. c4 e6 3. Nc3 Nf6 4. cxd5 exd5 5. Nf3 c6 6. Bg5 Be7 7. e3 Bf5 8. Bd3
Bxd3 9. Qxd3 Nbd7 10. O-O O-O 11. Nd2 Re8 12. Rae1 c5 13. Qf5 g6 14. Qd3 cxd4
15. exd4 Qb6 16. Re2 Bb4 17. Rfe1 Rxe2 18. Rxe2 Rc8 19. h3 Bf8 20. Nf3 Qa5 21.
Ne5 Bb4 22. Qf3 Nxe5 23. dxe5 Ne4 24. Nxe4 dxe4 25. Rxe4 Bf8 26. h4 Qxa2 27. h5
Qxb2 28. hxg6 hxg6 29. Bf6 Rc3 30. Rh4 Bg7 31. Qd5 Rc1+ 32. Kh2 Bxf6 33. exf6
Qxf6 34. Re4 Rc6 35. Re8+ Kg7 36. Rd8 Qh4+ 0-1

[Event "WIM Hillerod 110 years 2020"]
[Site "Hillerod"]
[Date "2020.02.14"]
[Round "8.2"]
[White "Nastase, Andreea Cristina"]
[Black "Kejzar, Petra"]
[Result "1-0"]
[WhiteElo "2091"]
[BlackElo "2080"]
[PlyCount "57"]
[EventDate "2020.02.??"]
[EventType "tourn"]
[EventRounds "9"]
[EventCountry "DEN"]

1. d4 Nf6 2. c4 e6 3. Nc3 Bb4 4. e3 O-O 5. Nge2 d5 6. a3 Bd6 7. c5 Be7 8. b4 b6
9. Ng3 a5 10. Bb2 c6 11. Bd3 Ba6 12. O-O Nbd7 13. f4 Qb8 14. Bxa6 Rxa6 15. b5
Ra8 16. bxc6 bxc5 17. cxd7 Qxb2 18. Na4 Qb7 19. Nxc5 Bxc5 20. dxc5 Nxd7 21. f5
Nxc5 22. f6 g6 23. Qd4 Qc7 24. Qh4 e5 25. Rac1 Kh8 26. Nf5 Qb6 27. Rf3 Rfe8 28.
Qh6 Qxf6 29. Rh3 1-0

[Event "WIM Hillerod 110 years 2020"]
[Site "Hillerod"]
[Date "2020.02.14"]
[Round "8.3"]
[White "Stanford, Sheila Barth"]
[Black "Berke, Ana"]
[Result "1/2-1/2"]
[WhiteElo "2145"]
[BlackElo "2154"]
[PlyCount "99"]
[EventDate "2020.02.??"]
[EventType "tourn"]
[EventRounds "9"]
[EventCountry "DEN"]

1. d4 d5 2. Nc3 Nf6 3. Bf4 c5 4. e3 cxd4 5. exd4 a6 6. Nf3 Bg4 7. h3 Bxf3 8.
Qxf3 Nc6 9. O-O-O e6 10. g4 b5 11. g5 b4 12. gxf6 bxc3 13. Qxc3 Qb6 14. fxg7
Bxg7 15. Bd6 Bf8 16. Bc5 Qc7 17. Rg1 Nd8 18. Rg3 Qf4+ 19. Kb1 Qxf2 20. Bxf8
Rxf8 21. Qa3 Rc8 22. Rg2 Qf4 23. Bxa6 Rb8 24. Rg3 Qc7 25. Rc3 Qd7 26. Bd3 f5
27. Be2 Nf7 28. Rg1 Qd6 29. Qxd6 Nxd6 30. Rc7 Rb7 31. Rxb7 Nxb7 32. Rg7 Nd6 33.
c3 f4 34. Bf3 Kd8 35. Kc2 h6 36. Rg6 Ne4 37. h4 Ke7 38. Rxh6 Rg8 39. Kd3 Rg3
40. Ke2 Rg1 41. c4 Rb1 42. cxd5 Rxb2+ 43. Kd3 Nf2+ 44. Kc4 exd5+ 45. Bxd5 Rxa2
46. Rh7+ Kd6 47. Rh6+ Ke7 48. Rh7+ Kd6 49. Rh6+ Ke7 50. Rh7+ 1/2-1/2

[Event "WIM Hillerod 110 years 2020"]
[Site "Hillerod"]
[Date "2020.02.14"]
[Round "8.4"]
[White "Miturova, Magdalena"]
[Black "Nilssen, Ellen Fredericia"]
[Result "1/2-1/2"]
[WhiteElo "2185"]
[BlackElo "2065"]
[PlyCount "66"]
[EventDate "2020.02.??"]
[EventType "tourn"]
[EventRounds "9"]
[EventCountry "DEN"]

1. Nf3 d5 2. g3 Nc6 3. d4 Bf5 4. Bg2 e6 5. O-O Be7 6. c4 Qd7 7. Nc3 dxc4 8. Qa4
Nf6 9. Qxc4 O-O 10. e3 Ne4 11. Nd2 Nxc3 12. bxc3 Na5 13. Qe2 c5 14. Nb3 Nxb3
15. axb3 cxd4 16. exd4 Rfc8 17. Bb2 a5 18. Rfd1 a4 19. bxa4 Rxa4 20. Rxa4 Qxa4
21. g4 Bg6 22. Ra1 Qb3 23. Ra7 Rb8 24. h3 Qb6 25. Ra1 h6 26. d5 exd5 27. Bxd5
Bh4 28. c4 Rd8 29. Rf1 Qb3 30. Kh2 Bd3 31. Qf3 Qxb2 32. Qxd3 Qe5+ 33. Kh1 b5
1/2-1/2

[Event "WIM Hillerod 110 years 2020"]
[Site "Hillerod"]
[Date "2020.02.14"]
[Round "8.5"]
[White "Guindy, Esmat Susanne"]
[Black "Kakulidis, Ellen"]
[Result "1/2-1/2"]
[WhiteElo "2143"]
[BlackElo "2040"]
[PlyCount "45"]
[EventDate "2020.02.??"]
[EventType "tourn"]
[EventRounds "9"]
[EventCountry "DEN"]

1. e4 c5 2. Nf3 d6 3. d4 cxd4 4. Nxd4 Nf6 5. Nc3 a6 6. Bg5 Nbd7 7. Qe2 h6 8.
Bh4 g6 9. f4 e5 10. fxe5 dxe5 11. O-O-O Qc7 12. Nb3 b5 13. Rxd7 Nxd7 14. Nd5
Qb8 15. Bf6 Nxf6 16. Nxf6+ Kd8 17. Qd2+ Qd6 18. Qa5+ Qc7 19. Qd2+ Qd6 20. Qa5+
Qc7 21. Qd2+ Qd6 22. Qa5+ Qc7 23. Qd2+ 1/2-1/2

[Event "WIM Hillerod 110 years 2020"]
[Site "Hillerod"]
[Date "2020.02.15"]
[Round "9.2"]
[White "Baliuniene, Margarita"]
[Black "Nastase, Andreea Cristina"]
[Result "1-0"]
[WhiteElo "1982"]
[BlackElo "2091"]
[PlyCount "71"]
[EventDate "2020.02.??"]
[EventType "tourn"]
[EventRounds "9"]
[EventCountry "DEN"]

1. d4 d5 2. c4 c6 3. e3 Nf6 4. Nc3 e6 5. Nf3 Nbd7 6. Bd3 dxc4 7. Bxc4 b5 8. Bd3
a6 9. O-O c5 10. b3 Bb7 11. Bb2 Bd6 12. Rc1 O-O 13. Qe2 cxd4 14. exd4 Nb6 15.
Ne5 Nbd5 16. Nxd5 Nxd5 17. g3 f5 18. Rce1 Rf6 19. Bc1 h6 20. f4 Nb4 21. Bb1
Bxe5 22. dxe5 Rf7 23. Qd2 Qb6+ 24. Rf2 a5 25. Qd6 Qxd6 26. exd6 Bd5 27. Bb2 Rd8
28. Be5 Rb7 29. Rc1 Nc6 30. Rd2 Na7 31. Bxf5 Kf7 32. Bh3 g5 33. Kf2 b4 34. Bf1
Nc8 35. Ba6 Rb8 36. d7 1-0